00920cam a2200229 a 450000100100000000500170001000800410002702000150006804000230008308200260010610000360013224500870016825000110025526000750026630000210034150400550036265000580041765000370047591000340051295201290054699900150067500000500220200929151545.0860709s1986 pr b 000 p spa  a086581063X aDO-SdBNPcDLCdDLC aPR861.44bG643p, 19861 aGonzález, José Emilio9352313aLa poesía contemporánea de Puerto Rico, 1930-1960 /cJosé Emilio González. a2a ed. aSan Juan, Puerto Rico :bInstituto de Cultura Puertorriqueña,c1986. a531 p. ;c22 cm. aIncluye referencias bibliográficas (p. 491-531). 4aPoesía puertorriqueñaxHistoria y crítica98219 4aLiteratura puertorriqueña9250 aCatalogación por copia / LC 001052708MOaGRbGRcCTd2009-07-28iLF1l0oPR861.44 G643p, 1986p5002-10r2020-06-25w2020-06-25y2ZPréstamo interno c4808d4808